<?xml version="1.0" encoding="UTF-8"?>
<record
    xmlns:xsi="http://www.w3.org/2001/XMLSchema-instance"
    xsi:schemaLocation="http://www.loc.gov/MARC21/slim http://www.loc.gov/standards/marcxml/schema/MARC21slim.xsd"
    xmlns="http://www.loc.gov/MARC21/slim">

  <leader>00912nam a2200229 a 4500</leader>
  <controlfield tag="001">BRCA_67</controlfield>
  <controlfield tag="005">20190320202853.0</controlfield>
  <controlfield tag="008">921020s1992    mx-a---##b---s001-0#spa-#</controlfield>
  <datafield tag="041" ind1=" " ind2=" ">
    <subfield code="a">spa</subfield>
  </datafield>
  <datafield tag="044" ind1=" " ind2=" ">
    <subfield code="a">mx</subfield>
  </datafield>
  <datafield tag="050" ind1=" " ind2="4">
    <subfield code="a">NA5811.B8</subfield>
    <subfield code="b">.I43 1992</subfield>
  </datafield>
  <datafield tag="100" ind1="1" ind2=" ">
    <subfield code="a">Ilardia G&#xE1;lligo, Magdalena</subfield>
    <subfield code="9">305</subfield>
  </datafield>
  <datafield tag="245" ind1="1" ind2="0">
    <subfield code="a">La Catedral de Burgos</subfield>
    <subfield code="b">una visi&#xF3;n del proceso constructivo y de la evoluci&#xF3;n art&#xED;stica</subfield>
    <subfield code="c">Magdalena Ilardia G&#xE1;lligo, F&#xE9;lix Palomero Arag&#xF3;n.</subfield>
  </datafield>
  <datafield tag="260" ind1=" " ind2=" ">
    <subfield code="a">[Puebla]</subfield>
    <subfield code="b">Gobierno del Estado de Puebla, Comisi&#xF3;n Puebla V Centenario</subfield>
    <subfield code="c">1992</subfield>
  </datafield>
  <datafield tag="300" ind1=" " ind2=" ">
    <subfield code="a">239 p.</subfield>
    <subfield code="b">il. (algunas a color), planos</subfield>
    <subfield code="c">23 cm.</subfield>
  </datafield>
  <datafield tag="500" ind1=" " ind2=" ">
    <subfield code="a">Incluye &#xED;ndice de planos, dibujos, alzados y fotograf&#xED;as</subfield>
  </datafield>
  <datafield tag="504" ind1=" " ind2=" ">
    <subfield code="a">Bibliograf&#xED;a :  p. 227-236</subfield>
  </datafield>
  <datafield tag="650" ind1="1" ind2="4">
    <subfield code="a">Catedral de Burgos (Espa&#xF1;a)</subfield>
    <subfield code="x">Historia</subfield>
    <subfield code="9">306</subfield>
  </datafield>
  <datafield tag="651" ind1=" " ind2="4">
    <subfield code="a">Burgos (Espa&#xF1;a)</subfield>
    <subfield code="x">Edifios, estructuras, etc.</subfield>
    <subfield code="9">307</subfield>
  </datafield>
  <datafield tag="700" ind1="1" ind2=" ">
    <subfield code="a">Palomero Arag&#xF3;n, Felix</subfield>
    <subfield code="e">coaut.</subfield>
    <subfield code="9">308</subfield>
  </datafield>
  <datafield tag="942" ind1=" " ind2=" ">
    <subfield code="2">lcc</subfield>
    <subfield code="c">B</subfield>
  </datafield>
  <datafield tag="999" ind1=" " ind2=" ">
    <subfield code="c">66</subfield>
    <subfield code="d">66</subfield>
  </datafield>
  <datafield tag="952" ind1=" " ind2=" ">
    <subfield code="0">0</subfield>
    <subfield code="1">0</subfield>
    <subfield code="4">0</subfield>
    <subfield code="7">0</subfield>
    <subfield code="a">BRCA</subfield>
    <subfield code="b">BRCA</subfield>
    <subfield code="d">2008-06-25</subfield>
    <subfield code="l">0</subfield>
    <subfield code="o">NA5811.B8 .I43 1992</subfield>
    <subfield code="p">00062</subfield>
    <subfield code="r">2019-03-22 00:00:00</subfield>
    <subfield code="w">2019-03-22</subfield>
    <subfield code="y">B</subfield>
  </datafield>
</record>
